| 000 | 00375 a2200157 4500 | ||
|---|---|---|---|
| 001 | 59808 | ||
| 020 | _a9783451708596 | ||
| 040 | _cAnchieta - Pituba | ||
| 100 | _aKeyserlingk, Linde von | ||
| 240 | 1 | 0 |
_aSie nannten sie wolfskinder _lpor |
| 245 | 1 | 0 | _aSie nannten sie wolfskinder |
| 300 | _a271 | ||
| 362 | 0 | _a2008 | |
| 650 | 4 | _aLiteratura juvenil em alemão | |
| 942 | _cBK | ||
| 999 |
_c59808 _d59808 |
||